000 00714nam a2200253 a 4500
003 AR-BaBNM
005 20251128210319.0
008 082120s2002 ||||||||||||||000 | spa||
040 _cAR-BaBNM
245 0 0 _aAspectos sociales del desarrollo económico en América Latina
_n1
260 _aParis
_bUNESCO
_c1962
300 _a446 p.
_btablas
490 0 _aTecnología y sociedad
650 4 _aDESARROLLO ECONOMICO
650 4 _aEDUCACION Y DESARROLLO
650 4 _aDESARROLLO SOCIAL
650 4 _aMOVILIDAD SOCIAL
650 4 _aCAMBIO SOCIAL
651 4 _aAmérica Latina
700 1 _aVries, Ebert de
_erevisión
700 1 _aMedina Echavarría, José
_erevisión
942 _cBK
998 _cRaquel
999 _c14914
_d14914